000 00798nam a2200217Ia 4500
003 GCL
008 140319s9999 xx 000 0 ara d
040 _aGCL /
_cGCL
082 0 4 _a320.5322
_bل ل
100 1 _aاسعد حليم
245 1 0 _aليو تولستوى: 7 مقالات كتبها لينين فيما بين 1908 - 1911 عن الكاتب الكبير تولستوى (هدية من الاديب عبدالفتاح الجمل) /
_cاسعد حليم
700 1 _aلينين
490 _aالهيئة العامة للاستعلامات
_v0
650 0 4 _aالماركسية
650 0 4 _aالاشتراكية
650 0 4 _aالسياسة
650 0 4 _aالمذاهب السياسية
650 0 4 _aروسيا - تاريخ
650 0 4 _aتولستوى, ليو
942 _2ddc
_cBK
999 _c46808
_d46808